Một số biện pháp giáo dục hành vi ứng xử có văn hóa cho trẻ Mẫu giáo lớn thông qua hoạt động làm quen tác phẩm văn học

Biểu hiện hành vi ứng xử có văn hóa của trẻ mẫu giáo lớn. Nhận thức của giáo viên về việc giáo dục hành vi ứng xử có văn hóa thông qua hoạt động “Làm quen tác phẩm văn học”. Thực trạng của việc sử dụng các biện pháp giáo dục hành vi ứng xử có văn hóa thông qua hoạt động làm quen tác phẩm văn học. Mộ...

Mô tả đầy đủ

Đã lưu trong:
Chi tiết về thư mục
Tác giả chính: Bùi Thị Trang
Tác giả khác: Lê Thị Tấn Th.S (Hướng dẫn)
Định dạng: Sách
Ngôn ngữ:Vietnamese
Được phát hành: Đà Nẵng Đại học Sư phạm, Đại học Đà Nẵng 2012
Những chủ đề:
Các nhãn: Thêm thẻ
Không có thẻ, Là người đầu tiên thẻ bản ghi này!
Thư viện lưu trữ: Mạng thư viện Đại học Đà Nẵng
LEADER 01997nam a2200325 4500
001 000016844
003 13253
005 20130531100532.0
008 121228s2012 viesd
041 0 |a vie 
082 |a 372.24  |b BU-T 
100 1 |a Bùi Thị Trang 
245 0 |a Một số biện pháp giáo dục hành vi ứng xử có văn hóa cho trẻ Mẫu giáo lớn thông qua hoạt động làm quen tác phẩm văn học  |c Bùi Thị Trang ; Lê Thị Tấn hướng dẫn 
260 |a Đà Nẵng  |b Đại học Sư phạm, Đại học Đà Nẵng  |c 2012 
300 |a 79 tr., phụ lục 19 tr.  |c 29 cm.  |e Đĩa CD, tài liệu tóm tắt 
500 |a Khóa luận tốt nghiệp đại học. Chuyên ngành: Sư phạm Mầm Non 
504 |a Mục lục đầu trang, tài liệu tham khảo tr. 73 - 74, phụ lục [13 tr.] 
520 |a Biểu hiện hành vi ứng xử có văn hóa của trẻ mẫu giáo lớn. Nhận thức của giáo viên về việc giáo dục hành vi ứng xử có văn hóa thông qua hoạt động “Làm quen tác phẩm văn học”. Thực trạng của việc sử dụng các biện pháp giáo dục hành vi ứng xử có văn hóa thông qua hoạt động làm quen tác phẩm văn học. Một số biện pháp giáo dục hành vi ứng xử có văn hóa cho trẻ mẫu giáo lớn thông qua hoạt động cho trẻ làm quen tác phẩm văn học 
653 |a Khoa Tiểu học Mầm Non 
700 |a Lê Thị Tấn  |c Th.S  |e Hướng dẫn 
OWN |a LSP 
AVA |a UDN50  |b LSP  |d 372.24 BU-T  |e available  |t Error 5001 Not defined in file expand_doc_bib_avail.  |f 1  |g 0  |h N  |i 0  |k 1 
999 |a From the UDN01 
AVA |a UDN50  |b LSP  |d 372.24 BU-T  |e available  |t Error 5001 Not defined in file expand_doc_bib_avail.  |f 1  |g 0  |h N  |i 0  |k 1 
TYP |a Monograph 
TYP |a Printed language 
980 |a Mạng thư viện Đại học Đà Nẵng